00823cam a22002177a 4500008004100000010001700041020002200058020002500080040005200105050002700157082001500184245014500199260003500344300003600379504005100415650003000466650003500496700002200531700002600553700002600579100303s2009 gw a b 001 0 eng  a 2010286575 a3527407898 (hbk.) a9783527407897 (hbk.) aUKMcUKMdOHXdYDXCPdBWXdOCLCQdAGLdGA0dDLC00aTP248.65.M37bS87 200904a620.4422200aSurface design :bapplications in bioscience and nanotechnology /cedited by Renate Fèorch, Holger Schèonherr, and A. Tobias A. Jenkins. aWeinheim :bWiley-VCH,cc2009. axxiii, 511 p. :bill. ;c25 cm. aIncludes bibliographical references and index. 0aMaterialsxBiotechnology. 0aSurfaces (Technology)xDesign.1 aFèorch, Renate.1 aJenkins, A. Tobias A.1 aSchèonherr, Holger.